Villes d'ancienne Régions - Statistiques

Statistiques générales
  • Ce quiz a été pris 37 fois
  • Le résultat moyen est 18 sur 22
Statistiques - réponses
Villes Incides Ancienne Région % Correct
Strasbourg,Mulhouse. Alsace
100%
Caen, Cherbourg, Alençon. Basse-Normandie
94%
Guingamp,Brest,Rennes,Vannes. Bretagne
94%
Ajaccio, Bastia Corse
94%
Paris, Meaux, Versailles, Étampes,Colombes, Montreuil, Créteil, Sarcelles. Île-de-France
91%
Vichy, Aurillac,Le-Puy-en-Velay,Clermont-Ferrand. Auvergne
85%
Dijon, Nevers, Chalon-sur-Saône,Auxerre. Bourgogne
85%
Bergerac, Bordeaux, Mont-de-Marsan,Agen, Pau. Aquitaine
85%
Le Havre, Évreux Haute-Normandie
85%
Lille, Calais. Nord-Pas-de-Calais
85%
Sedan, Troyes , Reims, Langres Champagne-Ardennes
82%
Nancy, Verdun, Metz, Épinal. Lorraine
82%
Soissons, Beauvais, Amiens. Picardie
82%
Bourges, Chartres, Châteauroux ,Tours, Blois, Orléans Centre
79%
Besançon, Dole, Vesoul, Belfort. Franche-Comté
76%
Nantes, Angers, Laval, Le Mans, La Roche-sur-Yon. Pays-de-la-Loire
76%
Manosque, Gap, Nice, Marseille, Toulon, Orange Provence-Alpes-Côte d'Azur
76%
Narbonne, Nîmes, Montpellier, Centenaire, Perpignan. Languedoc-Roussillon
71%
Oyonnax, Annonay, Montélimar, Grenoble,Roanne, Lyon, Chambéry, Annecy Rhône-Alpes
68%
Brive-la-Gaillarde, Guéret, Limoges. Limousin
62%
Pamiers, Rodez, Toulouse, Auch,Cahors, Lourdes, Albi, Montauban. Midi-Pyrénées
59%
Angoulême, La Rochelle, Niort, Poitiers. Poitou-Charente
56%
Aucun quiz correspondant
Distribution des résultats
% des personnes avec chaque résultat
Percentile par nombre de réponses
Votre historique - résultats
Vous n’avez pas pris ce quiz